00937nam a2200265Ia 450000500170000000800410001702000150005804100080007310000240008124501260010525000220023130000400025349000230029365000320031665000410034865000370038965000270042670000500045326400340050333600270053733700330056433800280059704000350062508400110066020220316235633.0121119s2002 ck a jr 000 f spa  a95830088180 aspa1 aDíaz, Luis Miguel10aCatalina en la encrucijada bla historia de un divorcio cLuis Miguel Díaz ; ilustraciones, Mónica N. Cárdenas Vera aPrimera edición a148 páginasbilustracionesc21 cm0 aLiteratura juvenil14aLiteratura colombiana2LEMB14aLiteratura juvenil colombiana 2LEMB14aNovela juvenil colombiana 2LEMB14aDivorciovNovela2LEMB1 aCárdenas Vera, Mónica Nataliaeilustrador aBogotá bPanamericanac2002 atextobtxt2rdacontent asin mediaciónbn2rdamedia avolumenbnc2rdacarrier aCO-BoRNBPbspaerdacCO-BoRNBP aN DIA3